| 000 | 02081nam a2200577Ii 4500 | ||
|---|---|---|---|
| 001 | DIGAKAL0419 | ||
| 003 | NyNyDIG | ||
| 007 | cr ||||||||||| | ||
| 008 | 180521s2016 sp ob 000 0 spa d | ||
| 006 | m o d | ||
| 035 | _a(OCoLC)1037086366 | ||
| 040 |
_aDGITA _beng _erda _epn _cDGITA |
||
| 020 |
_a9788446043232 _q(eBook ; _qePub) |
||
| 020 |
_a8446043238 _q(eBook ; _qePub) |
||
| 020 | _z9788446042310 | ||
| 020 | _z8446042312 | ||
| 041 | 1 |
_aspa _heng |
|
| 043 | _aa-is--- | ||
| 050 | 1 | 4 | _aDS149 ebook |
| 082 | 0 | 4 | _a956.94 |
| 100 | 1 |
_aPappé, Ilan, _eauthor. |
|
| 240 | 1 | 0 |
_aIdea of Israel. _lSpanish _s(Bixio) |
| 245 | 1 | 3 |
_aLa idea de Israel : _buna historia de poder y conocimiento / _cIlan Pappé ; traducción, Alcira Bixio. |
| 264 | 1 |
_aTres Cantos, Madrid, España : _bAkal, _c[2015] |
|
| 300 | _a1 online resource. | ||
| 336 |
_atext _btxt _2rdacontent |
||
| 337 |
_acomputer _bc _2rdamedia |
||
| 338 |
_aonline resource _bcr _2rdacarrier |
||
| 490 | 1 |
_aAkal/Pensamiento crítico ; _v45 |
|
| 504 | _aIncludes bibliographical references. | ||
| 588 | 0 | _aOnline resource; title from ePub title page (Digitalia, viewed May 24, 2018) | |
| 651 | 0 |
_aIsrael _xHistory. |
|
| 651 | 0 |
_aIsrael _xPolitics and government. |
|
| 651 | 0 |
_aIsrael _xSocial conditions. |
|
| 650 | 0 |
_aJews _zIsrael _xHistory. |
|
| 650 | 0 | _aPost-Zionism. | |
| 650 | 0 |
_aJudaism and state _zIsrael. |
|
| 650 | 0 |
_aTerritory, National _zIsrael. |
|
| 650 | 0 | _aIsrael-Arab War, 1948-1949. | |
| 650 | 0 | _aJewish-Arab relations. | |
| 651 | 0 |
_aIsrael _xEthnic relations. |
|
| 650 | 0 |
_aZionism _xHistory. |
|
| 655 | 0 | _aElectronic books. | |
| 791 | 2 |
_aDigitalia (Firm), _edistributor. |
|
| 793 | 0 |
_gDigitalia eBook Collection: _aAkal |
|
| 776 | 0 | 8 |
_iPrint version: _aPappé, Ilan. _sIdea of Israel. Spanish (Bixio) _tIdea de Israel. _dTres Cantos, Madrid : Akal, [2015] _z9788446042310 |
| 830 | 0 |
_aPensamiento crítico (Akal Editor) ; _v45. |
|
| 856 | 4 | 0 |
_3Digitalia Hispánica _uhttps://www.digitaliapublishing.com/a/50913/ |
| 910 | _aPremium collection: 2018 | ||
| 942 | _cRAA | ||
| 999 |
_c252083 _d252083 |
||